[Event "Budapest-chT1 Lilienthal 1112"]
[Site "Budapest"]
[Date "2012.02.05"]
[Round "7"]
[White "Smaraglay, Botond"]
[Black "Korosparti, Sandor"]
[Result "1-0"]
[WhiteElo "2061"]
[BlackElo "2136"]
[PlyCount "85"]
[EventDate "2011.10.02"]
[EventType "team-tourn"]
[EventRounds "11"]
[EventCountry "HUN"]
[SourceTitle "EXT 2020"]
[Source "ChessBase"]
[SourceDate "2019.10.17"]
[SourceVersion "1"]
[SourceVersionDate "2019.10.17"]
[SourceQuality "1"]
[WhiteTeam "Budapest HUSI II"]
[BlackTeam "Budapest Ujpest KSE"]
[WhiteTeamCountry "HUN"]
[BlackTeamCountry "HUN"]

1. c4 g6 2. Nc3 Bg7 3. d4 d6 4. e4 Nf6 5. f3 c6 6. Be3 a6 7. a4 0-0 8. Qd2 d5 9. e5 Ne8 10. c5 b6 11. b4 a5 12. Qb2 axb4 13. Qxb4 bxc5 14. Qxc5 Ra5 15. Qb4 Ba6 16. f4 Bxf1 17. Kxf1 f6 18. Nf3 c5 19. dxc5 fxe5 20. fxe5 Bxe5 21. Ke2 Bg7 22. Qb3 e6 23. Rab1 Nc6 24. Rhc1 Qc8 25. Nb5 Qa6 26. Ng5 Rxa4 27. Nxe6 Rf5 28. Nxg7 Nxg7 29. Rd1 Rb4 30. Qd3 Qa2+ 31. Qd2 Qc4+ 32. Qd3 Qg4+ 33. Kd2 Qxg2+ 34. Qe2 Qe4 35. Nd6 Rxb1 36. Nxe4 Rb2+ 37. Ke1 Rxe2+ 38. Kxe2 dxe4 39. Rd6 Ne5 40. c6 Rf8 41. c7 Nf5 42. Rd8 Ne7 43. Bh6 1-0

[Event "Budapest-chT1 Lilienthal 1112"]
[Site "Budapest"]
[Date "2011.11.20"]
[Round "3"]
[White "Pallagi, Janos"]
[Black "Korosparti, Sandor"]
[Result "1/2-1/2"]
[WhiteElo "2020"]
[BlackElo "2136"]
[PlyCount "92"]
[EventDate "2011.10.02"]
[EventType "team-tourn"]
[EventRounds "11"]
[EventCountry "HUN"]
[SourceTitle "EXT 2020"]
[Source "ChessBase"]
[SourceDate "2019.10.17"]
[SourceVersion "1"]
[SourceVersionDate "2019.10.17"]
[SourceQuality "1"]
[WhiteTeam "Budapest Honved III"]
[BlackTeam "Budapest Ujpest KSE"]
[WhiteTeamCountry "HUN"]
[BlackTeamCountry "HUN"]

1. Nf3 g6 2. d4 Bg7 3. c4 d6 4. Nc3 Nf6 5. e4 Nc6 6. h3 0-0 7. Bg5 h6 8. Be3 e5 9. d5 Ne7 10. g4 Ne8 11. Rg1 g5 12. h4 f6 13. h5 c5 14. a3 a5 15. b4 b6 16. Nd2 Nc7 17. bxc5 bxc5 18. Bd3 Bd7 19. Rb1 Rb8 20. Nb5 Nc8 21. f3 Be8 22. Ke2 Rf7 23. Qc2 Nxb5 24. cxb5 Nb6 25. Bc4 a4 26. Rb2 Nxc4 27. Qxc4 Qa5 28. Rgb1 Rfb7 29. Kf2 Rxb5 30. Rxb5 Rxb5 31. Rxb5 Qxb5 32. Qxb5 Bxb5 33. Nb1 Bf8 34. Bd2 Be7 35. Ba5 Kf8 36. Nc3 Bd7 37. Bc7 Kf7 38. Ke2 Bf8 39. Kd3 Ke7 40. Kc4 Be8 41. Nb5 Kd7 42. Ba5 Kc8 43. Nc7 Bd7 44. Ne6 Be7 45. Ng7 Kb7 46. Ne6 Kc8 1/2-1/2

[Event "Budapest-chT1 Lilienthal 1011"]
[Site "Budapest"]
[Date "2011.03.06"]
[Round "10"]
[White "Miskolczi, Tamas"]
[Black "Korosparti, Sandor"]
[Result "1-0"]
[WhiteElo "1950"]
[BlackElo "2135"]
[PlyCount "97"]
[EventDate "2010.09.19"]
[EventType "team-tourn"]
[EventRounds "11"]
[EventCountry "HUN"]
[SourceTitle "EXT 2020"]
[Source "ChessBase"]
[SourceDate "2019.10.17"]
[SourceVersion "1"]
[SourceVersionDate "2019.10.17"]
[SourceQuality "1"]
[WhiteTeam "Budapest Vasas II"]
[BlackTeam "Budapest Ujpest KSE"]
[WhiteTeamCountry "HUN"]
[BlackTeamCountry "HUN"]

1. e4 d6 2. g3 Nf6 3. Bg2 g6 4. Ne2 Bg7 5. 0-0 0-0 6. h3 e5 7. d3 d5 8. exd5 Nxd5 9. Nbc3 c6 10. Nxd5 cxd5 11. Nc3 d4 12. Ne2 Nc6 13. Kh2 Be6 14. f4 Bd5 15. Ng1 Bxg2 16. Kxg2 Qd5+ 17. Qf3 Rad8 18. a3 f5 19. fxe5 Nxe5 20. Qxd5+ Rxd5 21. Rf2 Rc8 22. b4 a5 23. Rb1 Rb5 24. Re2 axb4 25. Rxb4 Rxb4 26. axb4 Nxd3 27. cxd3 Rxc1 28. Re7 Rc2+ 29. Kf3 Rd2 30. Rxb7 Rxd3+ 31. Kf2 Rd2+ 32. Kf1 Rb2 33. Nf3 d3 34. Rd7 Rxb4 35. Rxd3 Kf7 36. Ng5+ Kf6 37. Nxh7+ Ke5 38. Ng5 Bf6 39. Nf3+ Ke4 40. Ke2 Rb6 41. Nd2+ Ke5 42. Nc4+ Ke6 43. Nxb6 Kf7 44. Kf3 g5 45. Nd5 Be5 46. Ne3 Kf6 47. Rb3 Bd4 48. Rb5 Ke6 49. Nxf5 1-0

[Event "HUN-chT2 Charousek 0304"]
[Site "Hungary"]
[Date "2003.10.05"]
[Round "2"]
[White "Vass, Lajos"]
[Black "Korosparti, Sandor"]
[Result "1/2-1/2"]
[WhiteElo "2099"]
[BlackElo "2163"]
[PlyCount "107"]
[EventDate "2003.09.28"]
[EventType "team"]
[EventRounds "11"]
[EventCountry "HUN"]
[SourceTitle "EXT 2005"]
[Source "ChessBase"]
[SourceDate "2004.11.15"]
[SourceVersion "1"]
[SourceVersionDate "2004.11.15"]
[SourceQuality "1"]

1. e4 d6 2. d4 Nf6 3. Nc3 g6 4. f4 Bg7 5. Nf3 0-0 6. Bd3 Nc6 7. e5 Nd7 8. Be3 Nb4 9. Be2 c5 10. exd6 exd6 11. 0-0 b6 12. Bf2 Nf6 13. a3 Nbd5 14. Nxd5 Nxd5 15. Qd2 Bb7 16. f5 Nf6 17. Bh4 Qd7 18. dxc5 dxc5 19. Qxd7 Nxd7 20. Rad1 Bc6 21. fxg6 hxg6 22. Bc4 b5 23. Bd5 Bxd5 24. Rxd5 Nb6 25. Rxc5 Bxb2 26. Rxb5 Bxa3 27. Ra1 Bd6 28. Bf6 Rfc8 29. c3 Bc5+ 30. Bd4 Bxd4+ 31. cxd4 Rd8 32. Kf2 Rd6 33. Ra6 Kg7 34. h4 Rf6 35. Rba5 Nc8 36. Ke3 Rb8 37. Rxf6 Kxf6 38. Ne5 Rb2 39. Ra6+ Kg7 40. g3 Rb3+ 41. Ke4 Rxg3 42. d5 f6 43. Nf3 Rg4+ 44. Ke3 Kf7 45. Rc6 Ne7 46. Rc5 Nf5+ 47. Kd3 Ke7 48. h5 Kd6 49. Rc6+ Kxd5 50. Rxf6 Rg3 51. Ke2 Rg2+ 52. Ke1 Ke4 53. hxg6 Kxf3 54. Rxf5+ 1/2-1/2

[Event "HUN-chT 0203"]
[Site "Hungary"]
[Date "2003.03.23"]
[Round "9.11"]
[White "Pergel, Laszlo"]
[Black "Korosparti, Sandor"]
[Result "1-0"]
[WhiteElo "2342"]
[BlackElo "2164"]
[PlyCount "109"]
[EventDate "2002.09.22"]
[EventType "team"]
[EventRounds "11"]
[EventCountry "HUN"]
[SourceTitle "EXT 2004"]
[Source "ChessBase"]
[SourceDate "2003.11.25"]
[SourceVersion "1"]
[SourceVersionDate "2003.11.25"]
[SourceQuality "1"]
[WhiteTeam "Haladas"]
[BlackTeam "PMSE"]
[WhiteTeamCountry "HUN"]
[BlackTeamCountry "HUN"]

1. e4 d6 2. d4 Nf6 3. Nc3 g6 4. Be2 Bg7 5. Nf3 0-0 6. 0-0 c5 7. Re1 cxd4 8. Nxd4 Nc6 9. Nb3 a6 10. Bf1 b5 11. Nd5 Bb7 12. Bg5 Re8 13. Bxf6 exf6 14. a4 b4 15. a5 f5 16. exf5 Rxe1 17. Qxe1 Bxb2 18. Ra2 Be5 19. fxg6 hxg6 20. f4 Bg7 21. Nxb4 Nd4 22. Qd2 Qf6 23. Bc4 Nxb3 24. cxb3 Qc3 25. Qxc3 Bxc3 26. Nd5 Bxd5 27. Bxd5 Rb8 28. Bc4 Ra8 29. Kf2 Kg7 30. Ke3 Ra7 31. Kd3 Bb4 32. Ra4 Bc5 33. b4 Bg1 34. h3 f5 35. b5 axb5 36. Bxb5 Kf6 37. a6 g5 38. fxg5+ Kxg5 39. Bc6 Rg7 40. Rc4 Re7 41. Rc1 Ba7 42. Bb7 Kf6 43. Rc8 Re3+ 44. Kc4 Ra3 45. Ra8 Bc5 46. Rf8+ Ke5 47. Re8+ Kf6 48. Re2 Ra5 49. Kd5 f4 50. Re6+ Kg5 51. Rxd6 Bxd6+ 52. Kxd6 f3 53. gxf3 Kh4 54. Kc7 Ra1 55. Kb8 1-0

[Event "HUN-chT 0203"]
[Site "Hungary"]
[Date "2003.02.16"]
[Round "7.10"]
[White "Rigo, Janos"]
[Black "Korosparti, Sandor"]
[Result "1-0"]
[WhiteElo "2303"]
[BlackElo "2164"]
[PlyCount "89"]
[EventDate "2002.09.22"]
[EventType "team"]
[EventRounds "11"]
[EventCountry "HUN"]
[SourceTitle "EXT 2004"]
[Source "ChessBase"]
[SourceDate "2003.11.25"]
[SourceVersion "1"]
[SourceVersionDate "2003.11.25"]
[SourceQuality "1"]
[WhiteTeam "Honved Spectrum"]
[BlackTeam "PMSE"]
[WhiteTeamCountry "HUN"]
[BlackTeamCountry "HUN"]

1. e4 d6 2. d4 Nf6 3. Nc3 g6 4. Bg5 Bg7 5. Qd2 c6 6. f3 b5 7. g4 h5 8. gxh5 Nxh5 9. Bg2 Nd7 10. Nge2 Nb6 11. b3 a5 12. 0-0 Qc7 13. Nd1 Bb7 14. Nf2 c5 15. c3 a4 16. Rfb1 axb3 17. axb3 0-0 18. Ng4 Nf6 19. Nxf6+ Bxf6 20. Bxf6 exf6 21. dxc5 dxc5 22. Rxa8 Rxa8 23. Rd1 Kg7 24. Qd6 Rc8 25. Bh3 Qxd6 26. Rxd6 Rc6 27. Rd8 Bc8 28. Bxc8 Nxc8 29. Kf2 Nd6 30. Ke3 Nb7 31. Rb8 Rc7 32. Nf4 Rd7 33. Rc8 c4 34. b4 g5 35. Nd5 f5 36. Rc7 Rxc7 37. Nxc7 Nd6 38. e5 f4+ 39. Kd4 Nf5+ 40. Ke4 Ne3 41. Nxb5 Nf1 42. Kf5 Kh6 43. Nd6 Ne3+ 44. Ke4 Nf1 45. Nxc4 1-0

[Event "HUN-chT3 9900"]
[Site "Hungary"]
[Date "2000.03.05"]
[Round "9"]
[White "Korosparti, Sandor"]
[Black "Pal, Imre"]
[Result "1/2-1/2"]
[WhiteElo "2158"]
[BlackElo "2220"]
[PlyCount "114"]
[EventDate "1999.09.26"]
[EventType "team"]
[EventRounds "11"]
[EventCountry "HUN"]
[SourceTitle "EXT 2002"]
[Source "ChessBase"]
[SourceDate "2001.11.25"]
[SourceVersion "1"]
[SourceVersionDate "2001.11.25"]
[SourceQuality "1"]

1. d4 Nf6 2. Nf3 c5 3. c3 e6 4. Bf4 cxd4 5. cxd4 b6 6. e3 Bb7 7. Nc3 a6 8. Bd3 Be7 9. 0-0 Nh5 10. Bg3 d6 11. Rc1 Nd7 12. Qe2 Nxg3 13. hxg3 0-0 14. Rc2 b5 15. Rfc1 Qb6 16. Ne4 Nf6 17. Nxf6+ Bxf6 18. Rc7 g6 19. Qc2 Rfc8 20. Nd2 Bd8 21. Rc3 Rxc3 22. bxc3 Rc8 23. Qb2 Qc6 24. Bf1 Qd7 25. c4 bxc4 26. Rxc4 Rxc4 27. Nxc4 Bd5 28. Nd2 a5 29. e4 Bc6 30. Qc3 Qb7 31. f3 Bd7 32. Nc4 Qc6 33. Qa3 Bb6 34. Nxa5 Bxd4+ 35. Kh2 Qc7 36. Nb3 Bb6 37. Nd2 h5 38. Nc4 Bc5 39. Qa5 Qb8 40. Bd3 h4 41. e5 hxg3+ 42. Kxg3 Bb4 43. Qb6 Be1+ 44. Kh3 Qf8 45. Qe3 Bb4 46. Qf4 Bc5 47. g4 Bb5 48. exd6 Bxc4 49. Bxc4 Bxd6 50. Qg5 Kg7 51. Qh4 Qa8 52. Qf2 Bf4 53. Bb3 Qh8+ 54. Qh4 Qa8 55. Qf2 Qh8+ 56. Qh4 Qa8 57. Qf2 Qh8+ 1/2-1/2

[Event "HUN-chT3 9900"]
[Site "Hungary"]
[Date "2000.02.27"]
[Round "8"]
[White "Erdos, Viktor"]
[Black "Korosparti, Sandor"]
[Result "1-0"]
[WhiteElo "2147"]
[BlackElo "2158"]
[PlyCount "75"]
[EventDate "1999.09.26"]
[EventType "team"]
[EventRounds "11"]
[EventCountry "HUN"]
[SourceTitle "EXT 2002"]
[Source "ChessBase"]
[SourceDate "2001.11.25"]
[SourceVersion "1"]
[SourceVersionDate "2001.11.25"]
[SourceQuality "1"]

1. d4 g6 2. c4 Bg7 3. Nc3 d6 4. Nf3 Bg4 5. e3 c5 6. Be2 cxd4 7. exd4 Nc6 8. Be3 Nf6 9. h3 Bf5 10. g4 Bd7 11. Qd2 a6 12. d5 Na7 13. g5 Nh5 14. Nd4 Qc8 15. h4 Bg4 16. Bf1 0-0 17. Rg1 Re8 18. Na4 Qc7 19. Rxg4 b5 20. Nc3 bxc4 21. Rc1 Nc8 22. Be2 Nb6 23. Re4 Nd7 24. Nc6 Nc5 25. Rxc4 e6 26. Bf3 Qd7 27. Bg4 Qc7 28. Kf1 exd5 29. Qxd5 a5 30. Nb5 Qb6 31. Nxd6 Rxe3 32. fxe3 Rf8 33. Bxh5 Ne6 34. Ne7+ Kh8 35. Rc8 Bxb2 36. Rxf8+ Nxf8 37. Qxf7 Qa6+ 38. Be2 1-0

[Event "HUN-chT3 9900"]
[Site "Hungary"]
[Date "1999.11.14"]
[Round "4"]
[White "Fekete, Albert"]
[Black "Korosparti, Sandor"]
[Result "1/2-1/2"]
[WhiteElo "2265"]
[BlackElo "2158"]
[PlyCount "60"]
[EventDate "1999.09.26"]
[EventType "team"]
[EventRounds "11"]
[EventCountry "HUN"]
[SourceTitle "EXT 2002"]
[Source "ChessBase"]
[SourceDate "2001.11.25"]
[SourceVersion "1"]
[SourceVersionDate "2001.11.25"]
[SourceQuality "1"]

1. Nf3 g6 2. e4 d6 3. c4 c5 4. Nc3 Bg7 5. g3 Nc6 6. Bg2 e5 7. d3 Nge7 8. 0-0 0-0 9. Nd5 f5 10. exf5 Bxf5 11. Nh4 Be6 12. Bg5 Qd7 13. Qd2 Bf7 14. Nf6+ Bxf6 15. Bxf6 Be6 16. Bg5 Bh3 17. Bh6 Bxg2 18. Kxg2 Rf7 19. f4 Nf5 20. Nxf5 Rxf5 21. g4 Rf7 22. f5 Nd4 23. fxg6 Qc6+ 24. Kg3 Rf3+ 25. Kh4 Rxf1 26. Rxf1 Nf3+ 27. Rxf3 Qxf3 28. Qg5 Qf2+ 29. Kh3 Qf1+ 30. Kh4 Qf2+ 1/2-1/2

[Event "HUN-chT2"]
[Site "Hungary"]
[Date "1997.??.??"]
[Round "?"]
[White "Paszler, Jozsef"]
[Black "Korosparti, Sandor"]
[Result "1/2-1/2"]
[WhiteElo "2280"]
[BlackElo "2130"]
[PlyCount "62"]
[EventDate "1997.??.??"]
[EventType "team-swiss"]
[EventRounds "13"]
[EventCountry "HUN"]
[SourceTitle "EXT 2006"]
[Source "ChessBase"]
[SourceDate "2005.11.24"]
[SourceVersion "1"]
[SourceVersionDate "2005.11.24"]
[SourceQuality "1"]

1. e4 d6 2. d4 Nf6 3. Nc3 g6 4. f4 Bg7 5. Nf3 0-0 6. Bd3 Nc6 7. 0-0 Bg4 8. Be3 e5 9. dxe5 dxe5 10. f5 Nd4 11. Qe1 Bxf3 12. gxf3 Nh5 13. Qd2 c6 14. Rf2 Kh8 15. Raf1 Rg8 16. Kh1 Qh4 17. Rg1 Qe7 18. Bxd4 exd4 19. Ne2 Qh4 20. Rfg2 Be5 21. Qg5 Qxg5 22. Rxg5 Bf6 23. R5g4 gxf5 24. exf5 c5 25. Be4 Ng7 26. b3 Rae8 27. Nf4 b6 28. Nd5 Bd8 29. f6 Nh5 30. Rh4 Rxg1+ 31. Kxg1 Nxf6 1/2-1/2

[Event "HUN-chT2 9596"]
[Site "Hungary"]
[Date "1996.??.??"]
[Round "9"]
[White "Horvath, Zoltan2222"]
[Black "Korosparti, Sandor"]
[Result "1/2-1/2"]
[WhiteElo "2140"]
[BlackElo "2220"]
[PlyCount "87"]
[EventDate "1995.??.??"]
[EventType "team"]
[EventRounds "11"]
[EventCountry "HUN"]
[SourceTitle "EXT 2000"]
[Source "ChessBase"]
[SourceDate "1999.11.16"]
[SourceVersion "1"]
[SourceVersionDate "1999.11.16"]
[SourceQuality "1"]

1. e4 d6 2. f4 Nf6 3. d3 g6 4. Nf3 Bg7 5. c3 Nc6 6. Be2 e5 7. 0-0 0-0 8. fxe5 dxe5 9. Bg5 h6 10. Bh4 Qd6 11. Nbd2 Ng4 12. Nc4 Qe6 13. h3 b5 14. hxg4 bxc4 15. g5 cxd3 16. Bxd3 Qg4 17. Qe2 Bb7 18. Bc4 h5 19. Bf2 Nd8 20. Bc5 Re8 21. Bb5 c6 22. Bc4 Ne6 23. Bxe6 Qxe6 24. b4 a5 25. Rfd1 axb4 26. Bxb4 Ba6 27. Qe3 Qc4 28. Nd2 Qd3 29. Qxd3 Bxd3 30. Re1 Rec8 31. Nb3 Bc4 32. Red1 Ra7 33. Na5 c5 34. Nxc4 cxb4 35. Nd6 Rd8 36. Nb5 Rxd1+ 37. Rxd1 Rxa2 38. cxb4 Rb2 39. Rd8+ Bf8 40. Nc3 Rxb4 41. Nd5 Rb1+ 42. Kh2 Kg7 43. Nf6 Rf1 44. Kg3 1/2-1/2

[Event "Egyetemi es Foiskolai-ch"]
[Site "Hungary"]
[Date "1996.??.??"]
[Round "4"]
[White "Korosparti, Sandor"]
[Black "Ladanyi, Tibor"]
[Result "1-0"]
[WhiteElo "2220"]
[BlackElo "2160"]
[PlyCount "98"]
[EventDate "1996.??.??"]
[EventType "swiss"]
[EventRounds "7"]
[EventCountry "HUN"]
[SourceTitle "EXT 2004"]
[Source "ChessBase"]
[SourceDate "2003.11.25"]
[SourceVersion "1"]
[SourceVersionDate "2003.11.25"]
[SourceQuality "1"]

1. d4 Nf6 2. Nf3 g6 3. Bf4 Bg7 4. e3 0-0 5. h3 d6 6. Bc4 c6 7. c3 Nbd7 8. 0-0 Qe8 9. a4 e5 10. Bh2 Qe7 11. b4 e4 12. Nfd2 a5 13. Qb3 Nb6 14. bxa5 Nbd7 15. Qa3 c5 16. Bb5 Rd8 17. Nc4 Ne8 18. Nbd2 Ndf6 19. Nb3 Bf8 20. Nb6 Ra7 21. dxc5 Be6 22. cxd6 Nxd6 23. c4 Nh5 24. Rfd1 Qg5 25. Qc5 Nf5 26. Rxd8 Qxd8 27. Qc7 Qg5 28. Bf4 Nxf4 29. Qxf4 Qxf4 30. exf4 Bb4 31. Rd1 Bxa5 32. Nxa5 Rxa5 33. Rd8+ Kg7 34. g4 Nh4 35. Re8 Nf3+ 36. Kg2 Kf6 37. Kg3 h5 38. g5+ Kf5 39. Nd5 h4+ 40. Kg2 Ne1+ 41. Kf1 Nd3 42. Re7 Nxf4 43. Nxf4 Kxf4 44. Rxb7 Ra8 45. c5 Bxh3+ 46. Kg1 Be6 47. c6 Rd8 48. c7 Rd1+ 49. Kh2 Rd2 1-0

[Event "Egyetemi es Foiskolai-ch"]
[Site "Hungary"]
[Date "1996.??.??"]
[Round "7"]
[White "Mester, Gyula"]
[Black "Korosparti, Sandor"]
[Result "1-0"]
[WhiteElo "2360"]
[BlackElo "2220"]
[PlyCount "35"]
[EventDate "1996.??.??"]
[EventType "swiss"]
[EventRounds "7"]
[EventCountry "HUN"]
[SourceTitle "EXT 2004"]
[Source "ChessBase"]
[SourceDate "2003.11.25"]
[SourceVersion "1"]
[SourceVersionDate "2003.11.25"]
[SourceQuality "1"]

1. e4 d6 2. d4 Nf6 3. Nc3 g6 4. Bg5 h6 5. Bf4 Bg7 6. Qd2 g5 7. Bg3 Nh5 8. 0-0-0 f5 9. exf5 Nxg3 10. fxg3 Bxf5 11. Bc4 Nc6 12. Qe2 h5 13. Nf3 Bh6 14. Kb1 Nb4 15. Bb3 a5 16. a3 Na6 17. Ne5 Bg7 18. Nf7 1-0

[Event "Egyetemi es Foiskolai-ch"]
[Site "Hungary"]
[Date "1996.??.??"]
[Round "3"]
[White "Szakolczai, Peter"]
[Black "Korosparti, Sandor"]
[Result "1/2-1/2"]
[WhiteElo "2220"]
[BlackElo "2220"]
[PlyCount "68"]
[EventDate "1996.??.??"]
[EventType "swiss"]
[EventRounds "7"]
[EventCountry "HUN"]
[SourceTitle "EXT 2004"]
[Source "ChessBase"]
[SourceDate "2003.11.25"]
[SourceVersion "1"]
[SourceVersionDate "2003.11.25"]
[SourceQuality "1"]

1. e4 d6 2. Nc3 Nf6 3. d4 g6 4. f3 Bg7 5. Be3 c6 6. Qd2 0-0 7. Bd3 b5 8. Nge2 a5 9. 0-0 Qc7 10. Nd1 Ba6 11. Rc1 c5 12. c3 c4 13. Bb1 d5 14. e5 Nfd7 15. Nf2 Nc6 16. Nf4 e6 17. g4 b4 18. g5 Rfb8 19. Ng4 bxc3 20. bxc3 Rb6 21. h4 Rab8 22. h5 Rb2 23. Qe1 Ne7 24. hxg6 hxg6 25. Rf2 Nf5 26. Bxf5 exf5 27. Nxd5 Qd8 28. Ngf6+ Nxf6 29. Nxf6+ Bxf6 30. gxf6 Qd5 31. Qf1 Kf8 32. Rxb2 Rxb2 33. Rb1 Rb7 34. Kf2 Ke8 1/2-1/2

[Event "HUN-chT2 9596"]
[Site "Hungary"]
[Date "1995.??.??"]
[Round "1"]
[White "Bartha, Sandor"]
[Black "Korosparti, Sandor"]
[Result "1-0"]
[WhiteElo "2240"]
[BlackElo "2220"]
[PlyCount "71"]
[EventDate "1995.??.??"]
[EventType "team"]
[EventRounds "11"]
[EventCountry "HUN"]
[SourceTitle "EXT 2000"]
[Source "ChessBase"]
[SourceDate "1999.11.16"]
[SourceVersion "1"]
[SourceVersionDate "1999.11.16"]
[SourceQuality "1"]

1. d4 d5 2. Nf3 e6 3. c4 f5 4. Nc3 Nf6 5. Bf4 c6 6. e3 Be7 7. Be2 0-0 8. 0-0 Ne4 9. Bxb8 Rxb8 10. Ne5 Bd6 11. f4 g5 12. Nxe4 dxe4 13. g3 g4 14. c5 Bc7 15. b4 Bd7 16. Qb3 Qe7 17. Bc4 Rfe8 18. Rfd1 b5 19. cxb6 Rxb6 20. a3 a5 21. Qa4 axb4 22. Qa7 Bc8 23. axb4 Bb7 24. Qa2 Rxb4 25. Rdc1 Bxe5 26. dxe5 Kf7 27. Qc2 Ra8 28. Rxa8 Bxa8 29. Qc3 Rb7 30. h3 Qb4 31. Bxe6+ Kxe6 32. Qxc6+ Ke7 33. Qf6+ Kd7 34. e6+ Kd6 35. e7+ Kd7 36. Rd1+ 1-0

[Event "HUN-chT2 9596"]
[Site "Hungary"]
[Date "1995.??.??"]
[Round "2"]
[White "Domotor, Jozsef"]
[Black "Korosparti, Sandor"]
[Result "1/2-1/2"]
[WhiteElo "2120"]
[BlackElo "2220"]
[PlyCount "28"]
[EventDate "1995.??.??"]
[EventType "team"]
[EventRounds "11"]
[EventCountry "HUN"]
[SourceTitle "EXT 2000"]
[Source "ChessBase"]
[SourceDate "1999.11.16"]
[SourceVersion "1"]
[SourceVersionDate "1999.11.16"]
[SourceQuality "1"]

1. d4 d5 2. Nf3 e6 3. c4 c6 4. Qc2 f5 5. Bf4 Nf6 6. e3 Be7 7. Nc3 0-0 8. Bd3 Ne4 9. h4 Nd7 10. g3 Ndf6 11. Ne5 Nh5 12. c5 Bf6 13. Be2 Nxf4 14. exf4 Bxe5 1/2-1/2

[Event "HUN-chT2 9394"]
[Site "Hungary"]
[Date "1994.??.??"]
[Round "?"]
[White "Berenyi, Tamas"]
[Black "Korosparti, Sandor"]
[Result "1/2-1/2"]
[WhiteElo "2070"]
[BlackElo "2230"]
[PlyCount "71"]
[EventDate "1993.??.??"]
[EventType "team"]
[EventRounds "13"]
[EventCountry "HUN"]
[SourceTitle "TD"]
[Source "ChessBase"]
[SourceDate "1994.03.01"]
[SourceVersion "1"]
[SourceVersionDate "1994.03.01"]
[SourceQuality "1"]

1. e4 e5 2. Nf3 Nc6 3. Bc4 Nf6 4. Ng5 d5 5. exd5 Na5 6. Bb5+ c6 7. dxc6 bxc6 8. Be2 h6 9. Nf3 e4 10. Ne5 Bd6 11. d4 Bxe5 12. dxe5 Qxd1+ 13. Bxd1 Nd5 14. b3 0-0 15. 0-0 Bf5 16. c4 Nb4 17. Bd2 c5 18. a3 Nbc6 19. Bc3 Rfe8 20. Bc2 Nd4 21. Bxa5 Nxc2 22. Ra2 Nd4 23. b4 Rxe5 24. Bc7 Re6 25. bxc5 Rc6 26. Bd6 Ne6 27. Rd2 Rac8 28. Rd5 Nxc5 29. Bxc5 Rxc5 30. Rfd1 Be6 31. Rxc5 Rxc5 32. Nd2 f5 33. Rc1 Kf7 34. Kf1 Kf6 35. Ke2 g5 36. g4 1/2-1/2

[Event "HUN-chT2 9394"]
[Site "Hungary"]
[Date "1994.??.??"]
[Round "?"]
[White "Korosparti, Sandor"]
[Black "Ladanyi, Tibor"]
[Result "1/2-1/2"]
[WhiteElo "2230"]
[BlackElo "2125"]
[PlyCount "116"]
[EventDate "1993.??.??"]
[EventType "team"]
[EventRounds "13"]
[EventCountry "HUN"]
[SourceTitle "TD"]
[Source "ChessBase"]
[SourceDate "1994.03.01"]
[SourceVersion "1"]
[SourceVersionDate "1994.03.01"]
[SourceQuality "1"]

1. d4 Nf6 2. Nf3 g6 3. Bf4 Bg7 4. e3 d6 5. h3 0-0 6. Nbd2 Nfd7 7. c3 e5 8. Bh2 Qe7 9. Qc2 c6 10. Be2 f5 11. dxe5 Nxe5 12. 0-0 Be6 13. Bg3 Nbd7 14. Nd4 Bd5 15. c4 Bf7 16. Rfe1 Nf6 17. Rad1 Rad8 18. b3 d5 19. Bf1 Ne4 20. Nxe4 fxe4 21. cxd5 Bxd5 22. Rd2 a6 23. Red1 Rd7 24. Ne2 Nd3 25. Nc3 Nb4 26. Qc1 Qf6 27. Nxd5 Nxd5 28. Bc4 Rfd8 29. Qc2 Qf5 30. Bxd5+ Rxd5 31. Rxd5 Rxd5 32. Kf1 Kf7 33. a4 Rxd1+ 34. Qxd1 Qd5 35. Ke2 Qxd1+ 36. Kxd1 Ke6 37. f3 Kd5 38. Ke2 b5 39. axb5 axb5 40. Kd2 c5 41. Be1 c4 42. Kc2 Bf6 43. Ba5 Be5 44. Bb4 Bf6 45. Ba5 Ba1 46. Bb4 Bg7 47. Ba5 Bh6 48. Bd2 Bg7 49. Be1 Bh8 50. Bb4 Bf6 51. Be1 h5 52. f4 h4 53. Ba5 Kc5 54. Bc7 b4 55. Bb8 c3 56. Bc7 Kd5 57. Bb6 Kc6 58. Ba7 Kd5 1/2-1/2